| 000 | 00438nam a2200157 4500 | ||
|---|---|---|---|
| 001 | 119689 | ||
| 003 | ES-MaACL | ||
| 005 | 20230906191357.0 | ||
| 007 | t| | ||
| 008 | 070214s1927 sp r ||||1| spa d | ||
| 100 | 1 |
_aPina, Rafael de. _992067 |
|
| 245 | 1 | 4 |
_aLos funcionarios públicos y el derecho a la huelga / _cRafael de Pina. |
| 260 |
_aMadrid : _b[s. n.], _c1927. |
||
| 300 |
_a74 p. ; _c27 x 19 cm. |
||
| 852 |
_aES-MaACL _jF-10163 |
||
| 999 |
_c119689 _d119689 |
||